000 00328 a2200121 4500
000 nam a22 7a 4500
005 20260211111812.0
020 _a9788119133093
100 _aVidya Vindu Singh
_91115005
245 _aAwadh Ke Pramukh Vrat-Parva-Tyohar Evam Riti-Rivaj
260 _bLokbharti Prakashan
_c2024
942 _cTEXL
999 _c1679222
_d1679222